Central Library OPAC University of Rajshahi

ধ্বন্যালোক / (Record no. 52775)

MARC details
000 -LEADER
fixed length control field 01216nam a2200265 a 4500
001 - CONTROL NUMBER
control field 52775
003 - CONTROL NUMBER IDENTIFIER
rucl marc code BD-RjUL
005 - DATE AND TIME OF LATEST TRANSACTION
control field 20211209075846.0
008 - FIXED-LENGTH DATA ELEMENTS--GENERAL INFORMATION
fixed length control field 160926s1957 ii ||||| |||| 00| 0 ben d
020 ## - INTERNATIONAL STANDARD BOOK NUMBER
Terms of availability : IRs. 2.00
035 ## - SYSTEM CONTROL NUMBER
System control number (BD-RjUL)52895
040 ## - CATALOGING SOURCE
Original cataloging agency BD-RjUL
Language of cataloging eng
Transcribing agency BD-RjUL
041 ## - LANGUAGE CODE
Language code of text/sound track or separate title eng
082 ## - DEWEY DECIMAL CLASSIFICATION NUMBER
Author mark and year AND 1957
Classification number 491.2
100 ## - MAIN ENTRY--PERSONAL NAME
Personal name আনন্দবর্ধন
9 (RLIN) 144635
245 10 - TITLE STATEMENT
Title ধ্বন্যালোক /
Statement of responsibility, etc. আনন্দবর্ধন ; অনুবাদক : শ্রীসুবোধচন্দ্র সেনগুপ্ত, শ্রীকালীপদ ভট্টাচার্য্য
250 ## - EDITION STATEMENT
Edition statement ১ম সং.
260 ## - PUBLICATION, DISTRIBUTION, ETC. (IMPRINT)
Place of publication, distribution, etc. কলিকাতা :
Name of publisher, distributor, etc. এ. মুখার্জী অ্যাণ্ড কোং,
Date of publication, distribution, etc. ১৯৫৭ (১৩৬৪)
300 ## - PHYSICAL DESCRIPTION
Pagination [৪], ১৪৮ পৃ. ;
Size ১৬ সেমি.
650 ## - SUBJECT ADDED ENTRY--TOPICAL TERM
Topical term or geographic name as entry element সংস্কৃত ভাষা
9 (RLIN) 144636
Topical term or geographic name as entry element Sanskrit Language
9 (RLIN) 144637
700 ## - ADDED ENTRY--PERSONAL NAME
Personal name সেনগুপ্ত, শ্রীসুবোধচন্দ্র, অনুবাদক
Personal name ভট্টাচার্য্য, শ্রীকালীপদ, অনুবাদক
942 ## - ADDED ENTRY ELEMENTS (KOHA)
Source of classification or shelving scheme Dewey Decimal Classification
Koha item type Books
Holdings
Lost status Source of classification or shelving scheme Damaged status Not for loan Collection code Permanent Location Current Location Shelving location Date acquired Source of acquisition Cost, normal purchase price Total Checkouts Full call number Date last seen Copy number Koha item type
  Dewey Decimal Classification     Non-fiction Central Library, University of Rajshahi Central Library, University of Rajshahi   20/08/1991 Sawkat Osman, Dhaka 6.00   B 491.2 AND 1957 26/09/2016 C-2 Books